Länder mit der größten ausschließlichen Wirtschaftszone - Statistiken

Allgemein
  • Dieses Quiz wurde 103 mal gespielt
  • Das Durchschnittsergebnis liegt bei 13 aus 20
Antwortstatistiken
Km² Land % Korrekt
11.351.000 Vereinigte Staaten
98%
7.567.000 Russland
96%
4.479.000 Japan
90%
5.599.000 Kanada
89%
3.831.000 Brasilien
88%
9.025.000 Australien
87%
2.305.000 Indien
84%
3.269.000 Mexiko
84%
6.806.000 Vereinigtes Königreich
82%
6.159.000 Indonesien
80%
3.682.000 Chile
77%
10.187.000 Frankreich
72%
4.421.000 Neuseeland
68%
2.385.000 Norwegen
67%
2.551.000 Dänemark
57%
1.727.000 Portugal
49%
2.996.000 Föderierte Staaten von Mikronesien
29%
3.442.000 Kiribati
20%
1.991.000 Marshallinseln
18%
2.402.000 Papua-Neuguinea
16%
Keine übereinstimmenden Quizze gefunden
Verteilung der Resultate
Anzahl Personen mit jedem Resultat
Perzentil nach korrekt beantworteten Fragen
Ihre Resultats-Entwicklung
Sie haben dieses Quiz noch nicht gespielt